000
00321nam a2200121Ia 4500
008
190415s9999 xx 000 0 und d
082
_a
RE.0003
100
_a
Eswara Reddy, V.
245
0
_a
Study of slums in Visakhapatnam to evolve the strategy for integrated developmen
260
_c
0
300
_a
158p.
942
_c
BK
999
_c
21453
_d
21453